000 00551nam a22001817a 4500
003 BD-DhJNU
005 20250316054804.0
008 250316b |||||||| |||| 00| 0 eng d
040 _aBD-DhJNU
_bENG
_cBD-DhJNU
_dBD-DhJNU
082 _223
_a297
100 _aKhan, Muhammad Zafrulla
245 _aIslam :
_bits meaning for modern man /
_cMuhammad Zafrulla Khan
260 _aLondon :
_bRoutledge and Kegan Paul,
_c1964.
300 _a216 p. :
_c21 cm.
504 _aincludes bibliographical reference and index
650 _aIslam
942 _2ddc
_cBK
_n0
999 _c1483
_d1483